000 00423nam a2200193Ia 4500
005 20240823052058.0
008 240823s9999||||xx |||||||||||||| ||und||
020 _a978-81-203-3515-8
041 _aENGLISH
082 _A551 Q3
100 _aMathur S M
245 0 _aElements of Geology
250 _a1st
260 _c2013
_b#VALUE!
500 _aYES
650 _aGeology
_bCivil
942 _cBK
999 _c221039
_d221039